Aktuální problémy vzdělávání a rozvoje zaměstnanců v organizacích

Salvato in:
Dettagli Bibliografici
Autore principale: Barták, Jan
Natura: Libro
Lingua:ceco
Pubblicazione: Praha Univerzita Jana Amose Komenského Praha 2015
Soggetti:
Tags: Aggiungi Tag
Nessun Tag, puoi essere il primo ad aggiungerne!!

MARC

LEADER 00000nam a2200000 4500
001 0204627
005 20240313085608.1
020 |a 978-80-7452-113-3 
041 0 |a cze 
044 |a CZ 
245 1 0 |a Aktuální problémy vzdělávání a rozvoje zaměstnanců v organizacích  |c Jan Barták 
264 1 |a Praha  |b Univerzita Jana Amose Komenského Praha  |c 2015 
300 |a 200 s. 
610 2 0 |a organizácie 
610 2 0 |a podnik 
610 2 0 |a zamestnanci 
610 2 0 |a vzdelávanie 
610 2 0 |a rozvoj pracovníkov 
610 2 0 |a výchova 
610 2 0 |a metódy 
610 2 0 |a pedagogika 
610 2 0 |a štúdie prípadové 
610 2 0 |a talenty 
610 2 0 |a riadenie 
610 2 0 |a učiaca sa organizácia 
100 1 |a Barták, Jan